A World of Emotions. Ancient Greece, 700 BC-200 AD ).

Shranjeno v:
Bibliografske podrobnosti
Drugi avtorji: Chaniotis, Angelos (Editor), Kaltsas, Nikolaos (Editor), Mylonopoulos, Ioannis (Editor)
Format: Neznan
Jezik:angleščina
Izdano: New York, USA. Onassis Foundation USA, 2017
Teme:
Oznake: Označite
Brez oznak, prvi označite!

MARC

LEADER 00000 a2200000 4500
003 CL-VaPUC
005 20211022102205.0
008 210107b ||||| |||| 00| 0 eng d
999 |c 432294  |d 432292 
020 |a 978-0981966656 
040 |c Pontificia Universidad Católica de Valparaíso 
082 |a 709.38 CHA 2017 
100 |a Chaniotis, Angelos  |9 858467  |e editor 
245 |a A World of Emotions.  |b  Ancient Greece, 700 BC-200 AD ).  
260 |a New York, USA.  |b Onassis Foundation USA,  |c 2017 
300 |a 254 páginas;  |b  ilustraciones  
500 |a Catalog of an exhibition held at the Onassis Cultural Center, New York, March 9 - June 24, 2017. 
583 |k Cristina Rojas  |c 20210107 
650 |a Arte clásico  |z Grecia   |y 700 a.C -200 d.C  |x Exposiciones  |9 859389 
651 |a Grecia   |x Historia   |y 700 a.C -200 d.C  |x Exposiciones   |9 859390 
700 |a  Kaltsas, Nikolaos   |e editor  |9 859310 
700 |a Mylonopoulos, Ioannis  |e editor  |9 859311 
852 |a BIBCUR 
942 |2 ddc  |c BK 
952 |0 0  |1 0  |2 ddc  |4 0  |6 709_380000000000000_CHA_2017  |7 0  |8 A  |9 577424  |a BIBHIS  |b BIBHIS  |d 2021-01-05  |e 1  |g 79335.00  |i 5581737  |o 709.38 CHA 2017  |p 5581737  |r 2025-01-20  |t 1  |v 79335.00  |w 2021-01-05  |y BK  |k HIS